| 000 | nam a22 a 4500 | ||
|---|---|---|---|
| 999 |
_c476966 _d476966 |
||
| 005 | 20221024161820.0 | ||
| 008 | 210401b bu |||||r|||| 00| | bu d | ||
| 040 | _aBLK | ||
| 041 |
_aBUL _cBUL |
||
| 080 |
_aПартии и движения със социалистически и социалдемократически възгледи. Социалистически и социалдемократически партии. Вж и 327. 323 _b329.14 _x(517.9)(092) _z329.14(517.9)(092) |
||
| 080 |
_aПолитика 32 _b32 _x(517.9)(092) _z32(517.9)(092) |
||
| 080 |
_aДеец на Монголската народно-революционна партия (МНРП) и международното комунистическо движение, маршал, премиер-министър и генерален секретар на МНРП. _b929 Цеденбал, Юмжагийн _z929 Цеденбал, Юмжагийн |
||
| 100 |
_91299 _aЦеденбал, Юмжагийн _eпърви автор |
||
| 139 | _aЦеденбал, Юмжагийн | ||
| 245 |
_aПът на борба и победи _bИзбрани речи и статии _cЮмжагийн Цеденбал ; прев.от рус |
||
| 257 | _aMON | ||
| 260 |
_9211414 _aСофия _bПартиздат _c1976 |
||
| 300 |
_a623 с., 1 л. _bпортр. _c21 см |
||
| 380 | _a3 | ||
| 490 | _aПоредица Политически дейци на нашето време | ||
| 500 | _aОриг. загл. Исторический путь развития социалистической Монголии. | ||
| 600 | 0 |
_9475629 _aЦеденбал, Юмжагийн |
|
| 650 | 0 |
_9246676 _aПартии, социалдемократически |
|
| 651 | 7 |
_9179235 _aМонголия |
|
| 852 |
_aЦб 83466 _bЦб |
||
| 856 |
_i0.00 _ldisable |
||
| 942 |
_cKNG _n0 _s1 |
||
| 944 |
_aCR _c2022-10-24 _kКети |
||